1314 1018 1870 1684 1524 1719 1280 1488 1847 1717 1121 1861 1606 1011 1535 1654 1862 1433 1597 1478 1237 1297 1400 1751 1920 1624 1261 1724 1926 1831 1031 1309 1157 1626 1859 1875 1300 1614 1958 1947 1833 1919 1055 1961 1377 1442 1276 1303 1494 1188 1032 1449 1235 1032 1429 1070 1551 1354 1631 1588 1107 1418 1781 1818 1650 1627 1068 1014 1140 1497 1026 1830 1556 1183 1500 1195 1801 1992 1334 1855 1815 1665 1559 1187 1726 1268 1251 1329 1283 1995 1283 1390 1803 1665 1190 1119 1001 1889 1463 BCNSPRNW ULIB Ver.6.0+V

เปลี่ยนเป็นภาษาไทย

Change to English
 แสดงรายละเอียดบรรณานุกรม
  กลับหน้าหลัก

Brief Record : Get Marc (ISO 2709) : E-mail record : QR code < ปิดหน้าต่าง
LEADER : 00000nam 2200000uu 4500
001    13399122346
003     ULIB
008    130220s2550||||th 000 0 tha d
020    ^a9789742556723
090    ^aนว.^bพ541พ ล.1
100 0  ^aพัดชา,นามแฝง
245 00 ^aพรหมรัถยา เล่ม 1/^cพัดชา,นามแฝง
250    ^aพิมพ์ครั้งที่ 1
260    ^aกรุงเทพฯ :^bบูรพาสาส์น,^c2550
300    ^a430 หน้า
710 1  ^aบูรพาสาส์น
945    ^p0^l0^i022010
999    ^aเกษร โพธิ์สุวรรณ
รายการนี้ยังไม่มีแท็ก
คุณยังไม่ได้ล็อกอิน คุณสามารถมีกิจกรรมร่วมกับเว็บไซต์ได้ แต่ต้องล็อกอินก่อน ::
  ล็อกอิน

รายการสื่อสารสนเทศ

ลำดับที่ ประเภท เลขเรียก/บาร์โค้ด สถานที่ สถานะ
1. นวนิยาย
นวนิยาย
นว. พ541พ ล.1  
  Barcode: 022010
ห้องสมุดวิทยาเขตสวรรค์ประชารักษ์
►นวนิยาย
บนชั้น
  ขอยืม

รายการใกล้เคียง
    ผู้แต่ง [พัดชา,นามแฝง]

BibComment


ยังไม่เคยถูกคอมเมนท์

คอมเมนท์ทรัพยากรรายการนี้
  คอมเมนท์: พรหมรัถยา เล่ม 1..


 Copyright 2026. Bcnsprnw @Library